000 00587nam a2200205Ia 4500
005 20250508165142.0
008 008 250505s9999 xx 000 0 eng d
020 _a978-1-4419-3750-6
037 _aTextual
040 _aFEDL
_beng
_cFEDL
041 _aeng
_2eng
084 _a519.2, PET
_qFEDL
100 _aPeterson Ivars
_9780008
245 0 _aJungles of randomness: A mathematical safari
260 _aNew York, USA
_bJohn Wiley and Sons, Inc.
_c1998
300 _axiii, 239p.
365 _aUSD
_b32.95
942 _cTEXL
_h519.2, PET
999 _c1393464
_d1393464